000 00329nam a22001457a 4500
003 OSt
005 20160727222356.0
008 160622b xxu||||| |||| 00| 0 eng d
040 _ctest
100 _9539
_aArnold, H,
245 _aEdmund Burke
260 _aLon
_bOxford Universit
_c1962
300 _aEdmund Burke
942 _2ddc
_cBK
999 _c449
_d449